Statistiques concernant Pouvez-vous deviner la Couleur la plus présente ? - Tous les Pays

Cliquez ici pour prendre le quiz!

Statistiques générales

  • Ce quiz a été pris 24 fois
  • Le résultat moyen est 14 sur 196

Statistiques - réponses

HintRéponse% Correct
Corée du SudBlanc
26%
KazakhstanBleu
26%
SuèdeBleu
26%
SalvadorBleu
26%
IslandeBleu
21%
TuvaluBleu
21%
MonténégroRouge
21%
MarocRouge
21%
RoumanieRouge, Jaune et Bleu
21%
AfghanistanBlanc
16%
NicaraguaBleu
16%
BarbadeBleu
16%
États Fédérés de MicronésieBleu
16%
Bosnie-HerzégovineBleu
16%
République Démocratique du CongoBleu
16%
SlovénieBleu
16%
Saint-MarinBleu
16%
BelizeBleu
16%
Îles MarshallBleu
16%
NauruBleu
16%
GuatemalaBleu
16%
GrèceBleu
16%
BahamasBleu
16%
Sainte-LucieBleu
16%
Nouvelle-ZélandeBleu
16%
UkraineJaune et Bleu
16%
IrlandeOrange, Vert et Blanc
16%
TunisieRouge
16%
TurquieRouge
16%
FranceRouge, Bleu et Blanc
16%
TchadRouge, Jaune et Bleu
16%
LituanieRouge, Jaune et Vert
16%
Arabie SaouditeVert
16%
Sierra LeoneVert, Bleu et Blanc
16%
ChypreBlanc
11%
JaponBlanc
11%
FinlandeBlanc
11%
PanamaBlanc
11%
AustralieBleu
11%
CubaBleu
11%
KosovoBleu
11%
RwandaBleu
11%
SomalieBleu
11%
PalaosBleu
11%
ArgentineBleu
11%
Cap-VertBleu
11%
BotswanaBleu
11%
HondurasBleu
11%
FidjiBleu
11%
BhoutanJaune
11%
ÉquateurJaune
11%
ColombieJaune
11%
VaticanJaune
11%
LibyeNoir
11%
BiélorussieRouge
11%
MalteRouge
11%
NorvègeRouge
11%
DanemarkRouge
11%
LettonieRouge
11%
Viêt NamRouge
11%
AutricheRouge
11%
SlovaquieRouge
11%
ChiliRouge
11%
SuisseRouge
11%
YémenRouge, Blanc et Noir
11%
LuxembourgRouge, Bleu et Blanc
11%
MonacoRouge et Blanc
11%
PologneRouge et Blanc
11%
République TchèqueRouge et Blanc
11%
AllemagneRouge, Jaune et Noir
11%
MaliRouge, Jaune et Vert
11%
BulgarieRouge, Vert et Blanc
11%
ItalieRouge, Vert et Blanc
11%
ZimbabweVert
11%
MauritanieVert
11%
NigeriaVert
11%
BangladeshVert
11%
TurkménistanVert
11%
BrésilVert
11%
LesothoBlanc
5%
IsraëlBlanc
5%
IranBlanc
5%
UruguayBlanc
5%
GéorgieBlanc
5%
SingapourBlanc
5%
CambodgeBleu
5%
HaïtiBleu
5%
EswatiniBleu
5%
EstonieBleu, Blanc et Noir
5%
CamerounJaune
5%
Saint-Vincent-et-les-GrenadinesJaune
5%
EspagneJaune
5%
GabonJaune, Vert et Bleu
5%
KenyaNoir
5%
IndeOrange et Vert
5%
Côte d'IvoireOrange, Vert et Blanc
5%
LaosRouge
5%
MongolieRouge
5%
Corée du NordRouge
5%
SamoaRouge
5%
TaïwanRouge
5%
LiberiaRouge
5%
KirghizistanRouge
5%
CroatieRouge
5%
QatarRouge
5%
BahreïnRouge
5%
PortugalRouge
5%
États-UnisRouge
5%
MaldivesRouge
5%
MalawiRouge
5%
Macédoine du NordRouge
5%
NépalRouge
5%
KiribatiRouge
5%
Royaume-UniRouge
5%
AlbanieRouge
5%
ChineRouge
5%
TongaRouge
5%
PérouRouge
5%
CanadaRouge
5%
Trinité-et-TobagoRouge
5%
OmanRouge
5%
Pays-BasRouge, Bleu et Blanc
5%
RussieRouge, Bleu et Blanc
5%
MalaisieRouge et Blanc
5%
IndonésieRouge et Blanc
5%
ParaguayRouge et Bleu
5%
ÉgypteRouge et Noir
5%
SoudanRouge et Noir
5%
ArménieRouge, Jaune et Bleu
5%
BelgiqueRouge, Jaune et Noir
5%
BolivieRouge, Jaune et Vert
5%
GuinéeRouge, Jaune et Vert
5%
MauriceRouge, Jaune, Vert et Bleu
5%
HongrieRouge, Vert et Blanc
5%
DominiqueVert
5%
Sao Tomé-et-PrincipeVert
5%
PakistanVert
5%
GuyanaVert
5%
ZambieVert
5%
OuzbékistanBlanc
0%
TadjikistanBlanc
0%
SerbieBlanc
0%
AlgérieBlanc
0%
BurundiBlanc
0%
AzerbaïdjanBleu et Vert
0%
OugandaJaune
0%
BirmanieJaune
0%
Sri LankaJaune
0%
République CentrafricaineJaune
0%
BruneiJaune
0%
MozambiqueJaune
0%
JamaïqueJaune
0%
ComoresJaune et Bleu
0%
Guinée-BissauJaune et Vert
0%
Papouasie-Nouvelle-GuinéeNoir
0%
TanzanieNoir
0%
Saint-Christophe- et-NiévèsNoir
0%
NigerOrange
0%
République DominicaineRouge
0%
LiechtensteinRouge
0%
Timor OrientalRouge
0%
SeychellesRouge
0%
ÉrythréeRouge
0%
LibanRouge
0%
Antigua-et-BarbudaRouge
0%
AndorreRouge
0%
AngolaRouge
0%
MoldavieRouge
0%
GrenadeRouge
0%
Costa RicaRouge, Bleu et Blanc
0%
ThaïlandeRouge, Bleu et Blanc
0%
PhilippinesRouge et Bleu
0%
VenezuelaRouge et Jaune
0%
SyrieRouge et Noir
0%
IrakRouge et Noir
0%
GambieRouge et Vert
0%
KoweïtRouge et Vert
0%
VanuatuRouge et Vert
0%
GhanaRouge et Vert
0%
Guinée ÉquatorialeRouge et Vert
0%
République du CongoRouge, Jaune et Vert
0%
ÉthiopieRouge/Vert
0%
Émirats Arabes UnisRouge, Vert, Blanc et Noir
0%
MadagascarRouge, Vert et Blanc
0%
Îles SalomonVert
0%
Burkina FasoVert
0%
TogoVert
0%
BéninVert
0%
NamibieVert
0%
SurinameVert
0%
SénégalVert
0%
Afrique du SudVert
0%
MexiqueVert
0%
DjiboutiVert et Bleu
0%
JordanieVert et Noir
0%
Soudan du SudVert et Noir
0%

Distribution des résultats

Percentile par nombre de réponses

% des personnes avec chaque résultat

Votre développement - résultats

Vous n’avez pas pris ce quiz